000 00316 a2200145 4500
001 160190
020 _a
040 _cMagnum
100 _aPillar, Analia Dutra
240 1 0 _aFazendo artes na alfabetizacao
_lpor
245 1 0 _aFazendo artes na alfabetizacao
362 0 _a1899
697 _aENSINO
942 _cBK
999 _c160190
_d160190